Evanjelický kazateľ homiletický časopis

Bibliographic Details
Format: Journal
Language:Slovak
PhysicalDescription:31 zv. 25 cm
Published: Liptovský Sv. Mikuláš [s.n.] 1905-1935
Liptovský Mikuláš Tranoscius
ISSN:1337-1223
Subjects:

MARC

LEADER 00000cas a2200000 a 4500
001 vtls010298034
003 SK-MaSNL
005 20260228162403.0
008 200401d19051935xo br p r 0 b0slo
022 |a 1337-1223 
040 |a SNK  |b slo  |c SNK  |e AACR2 
041 0 |a slo 
044 |a xo  |c SK 
072 7 |a 2  |x Náboženstvo  |2 konspekt 
072 7 |a 27-5  |x Kresťanské umenie a symbolika. Duchovný život  |2 konspekt 
080 |a 27-475  |2 2001 
080 |a 274/278  |2 2001 
080 |a 050  |2 2001 
080 |a 82-97  |2 2001 
210 0 |a Evanj. kazateľ 
222 0 |a Evanjelický kazateľ 
245 0 0 |a Evanjelický kazateľ  |b homiletický časopis 
260 |a Liptovský Sv. Mikuláš  |b [s.n.]  |c 1905-1935 
260 3 |3 1924-1935  |a Liptovský Mikuláš  |b Tranoscius 
300 |a 31 zv.  |c 25 cm 
310 |a 6x ročne  |b 1924-1935 
321 |a 6x ročne  |b 1905/1906-1912/1913 
321 |a 4x ročne  |b 1913/1914-1923 
362 0 |a Roč. I, č. 1 (1905)-roč. XX, č. 6 (1935) 
500 |a Redaktori sa menia 
500 |a Tlač. Klimeš a Pivko v Liptovskom Mikuláši, od 25. decembra 1911 Ján Bežo v Senici, od decembra 1916 Ján Trnovský, Nové Mesto nad Váhom, od r. 1924 tlač. údaje neuvedené; od 1/XIV (1. nov. 1926) Daniel Pažický, Myjava 
500 |a Od r. 1924 nakl. Kníhkup. a vydavateľský spolok „Tranoscius“ 
500 |a Od r. 1924 mal prílohu Príležitostné kázne ev. kazateľa 
500 |a [Na titulnom liste roč. XVIII. a XIX.] Svedectvo viery. Kázne zo starozákonných textov na všetky nedele a sviatky 
515 |a Od vypuknutia vojny, od r. 1914 do 1916 a od 15. septembra 1930 do konca roku 1931 časopis nevychádzal 
650 0 7 |a náboženstvo  |2 SNKPH  |9 2023 
650 0 7 |a kazateľstvo  |2 SNKPH  |9 1955 
650 0 7 |a cirkevný život  |2 SNKPH  |9 75120 
651 7 |a Evanjelická cirkev a.v  |2 SNKPH  |9 270915 
655 7 |a náboženské časopisy  |2 SNKPH  |9 70790 
910 |a snk 
916 |a 1905-1914,1916-1918,1925-1928,1930,1933-1934 
958 |a OND 
999 |c 7792  |d 9722 
952 |0 0  |1 0  |4 0  |7 0  |8 3  |a SNK  |b SNK  |d 1997-05-22  |f 1  |i snkVIII.1418/55  |l 0  |o snkČSC 98/7/1911-1912  |p 17A0067510  |r 2005-01-02 00:00:00  |t č. 1-6  |w 2026-02-21  |y PREZ 
952 |0 0  |1 0  |4 0  |7 0  |a SNK  |b SNK  |d 1997-11-11  |i snkXI. 3550/55  |l 0  |o snkČSC 98/7/1911-1912 D1  |p 17A0107356  |r 2005-01-02 00:00:00  |t č. 1-6  |w 2026-02-21  |y PREZ  |z Obsahuje č.: 1/a, 1/b, 2, 3, 4/a, 4/b, 5, 6 
952 |0 0  |1 0  |4 0  |7 0  |8 5  |a SNK  |b SNK  |d 1997-11-11  |f 1  |i snkXI. 3551/55  |l 0  |o snkČSC 98/8/1912-1913  |p 17A0107625  |r 2005-01-02 00:00:00  |t č. 1-6  |w 2026-02-21  |y PREZ 
952 |0 0  |1 0  |4 0  |7 0  |8 5  |a SNK  |b SNK  |d 2007-11-14  |f 1  |i snkXI. 3555/55  |l 0  |o snkČSC 98/17/1930  |p 17A0565700  |r 2026-02-21 20:21:08  |t č. 1-6, neúplné  |w 2026-02-21  |y PREZ  |z Chýba č. 1-5 
952 |0 0  |1 0  |4 0  |7 0  |8 5  |a SNK  |b SNK  |d 2007-11-14  |f 1  |i snkXI. 3556/55  |l 0  |o snkČSC 98/19/1933-1934  |p 17A0568471  |r 2026-02-21 20:21:08  |t č. 1-6, neúplné  |w 2026-02-21  |y PREZ  |z Chýba č. 1, 3-6 
952 |0 0  |1 0  |4 0  |7 0  |a SNK  |b SNK  |d 2012-03-12  |i snkXI. 3544/55  |l 0  |o snkČSC 98/3/1907-1908 D1  |p 17A7633430  |r 2026-02-21 20:23:13  |t č. 1-6  |w 2026-02-21  |y PREZ 
952 |0 0  |1 0  |4 0  |7 0  |a SNK  |b SNK  |d 1997-10-06  |f 1  |i snk1064/29  |l 0  |o snkČSC 98/15/1927-1928  |p 17A0099317  |r 2005-01-02 00:00:00  |t č. 1-6  |w 2026-02-21  |y PREZ 
952 |0 0  |1 0  |4 0  |7 0  |a SNK  |b SNK  |d 1997-10-06  |f 1  |i snk1065/29  |l 0  |o snkČSC 98/14/1926-1927  |p 17A0099312  |r 2005-01-02 00:00:00  |t č. 1-6  |w 2026-02-21  |y PREZ 
952 |0 0  |1 0  |4 0  |7 0  |a SNK  |b SNK  |d 1997-10-06  |i snkXI. 3554/55  |l 0  |o snkČSC 98/14/1926-1927 D1  |p 17A0101850  |r 2005-01-02 00:00:00  |t č. 1-6, neúplné  |w 2026-02-21  |y PREZ  |z Chýba č. 1 
952 |0 0  |1 0  |4 0  |7 0  |a SNK  |b SNK  |d 1997-10-06  |f 1  |i snk1063/29  |l 0  |o snkČSC 98/12/1925-1926  |p 17A0101849  |r 2005-01-02 00:00:00  |t č. 1-6  |w 2026-02-21  |y PREZ 
952 |0 0  |1 0  |4 0  |7 0  |a SNK  |b SNK  |d 1997-11-11  |i snkVIII. 1419/55  |l 0  |o snkČSC 98/8/1912-1913 D1  |p 17A0107597  |r 2005-01-02 00:00:00  |w 2026-02-21  |y PREZ 
952 |0 0  |1 0  |4 0  |7 0  |8 5  |a SNK  |b SNK  |d 2018-03-21  |i snkF 5863/78  |l 0  |o snkČSC 98/3/1907-1908 D2  |p 17A1153439  |r 2026-02-21 20:43:08  |t č. 1-6  |w 2026-02-21  |y PREZ 
952 |0 0  |1 0  |4 0  |7 0  |8 5  |a SNK  |b SNK  |d 2018-03-21  |i snkF 5864/78  |l 0  |o snkČSC 98/4/1908-1909 D2  |p 17A1153438  |r 2026-02-21 20:43:08  |t č. 1-6  |w 2026-02-21  |y PREZ 
952 |0 0  |1 0  |4 0  |7 0  |8 3  |a SNK  |b SNK  |d 1998-01-26  |g 0.66  |i snkK 111/98  |l 0  |o snkČSC 98/7/1911-1912 D2  |p 17A0116903  |r 2005-01-02 00:00:00  |t len č. 6  |w 2026-02-21  |y PREZ 
952 |0 0  |1 0  |4 0  |7 0  |8 3  |a SNK  |b SNK  |d 1998-01-26  |g 2.66  |i snkK 112/98  |l 0  |o snkČSC 98/9/1913-1914 D1  |p 17A0116902  |r 2005-01-02 00:00:00  |t č. 1-4  |w 2026-02-21  |y PREZ 
952 |0 0  |1 0  |4 0  |7 0  |8 3  |a SNK  |b SNK  |d 1998-01-26  |g 0.66  |i snkK 113/98  |l 0  |o snkČSC 98/9/1913-1914 D2  |p 17A0116901  |r 2005-01-02 00:00:00  |t len č. 4  |w 2026-02-21  |y PREZ 
952 |0 0  |1 0  |4 0  |7 0  |8 5  |a SNK  |b SNK  |d 2018-03-21  |i snkF 5861/78  |l 0  |o snkČSC 98/1/1905-1906 D2  |p 17A1153442  |r 2026-02-21 21:02:55  |t č. 1-7  |w 2026-02-21  |y PREZ 
952 |0 0  |1 0  |4 0  |7 0  |a SNK  |b SNK  |d 2018-03-21  |i snkXI. 3542/55  |l 0  |o snkČSC 98/2/1906-1907 D1  |p 17A1153441  |r 2026-02-21 21:02:55  |t č. 1-6  |w 2026-02-21  |y PREZ 
952 |0 0  |1 0  |4 0  |7 0  |a SNK  |b SNK  |d 2005-08-23  |i snkXI 3540/55  |l 0  |o snkČSC 98/1/1905-1906 D1  |p 17A0483172  |r 2026-02-21 21:08:58  |t č. 1-7  |w 2026-02-21  |y PREZ 
952 |0 0  |1 0  |4 0  |7 0  |8 5  |a SNK  |b SNK  |d 2018-03-21  |i snkF 5862/78  |l 0  |o snkČSC 98/2/1906-1907 D2  |p 17A1153440  |r 2026-02-21 21:24:53  |t č. 1-6  |w 2026-02-21  |y PREZ 
952 |0 0  |1 0  |4 0  |7 0  |a SNK  |b SNK  |d 2009-11-05  |i snkXI. 3548/55  |l 0  |o snkČSC 98/5/1909-1910 D1  |p 17A0629746  |r 2026-02-21 21:30:27  |t č. 1-6, neúplné  |w 2026-02-21  |y PREZ  |z Chýba č. 2 
952 |0 0  |1 0  |4 0  |7 0  |a SNK  |b SNK  |d 2009-11-05  |i snkXI. 3546/55  |l 0  |o snkČSC 98/4/1908-1909 D1  |p 17A0629729  |r 2026-02-21 21:30:28  |t č. 1-6  |w 2026-02-21  |y PREZ 
952 |0 0  |1 0  |4 0  |7 0  |a SNK  |b SNK  |d 1999-08-12  |f 1  |i snk1337/54  |l 0  |o snkČSC 98/11/1917-1918  |p 17A0206719  |r 2005-01-02 00:00:00  |t č. 1-4, neúplné  |w 2026-02-21  |y PREZ  |z Chýba č. 3 
952 |0 0  |1 0  |4 0  |7 0  |a SNK  |b SNK  |d 1999-08-12  |f 1  |i snk232/29  |l 0  |o snkČSC 98/10/1916-1917  |p 17A0206642  |r 2005-01-02 00:00:00  |t č. 1-4  |w 2026-02-21  |y PREZ 
952 |0 0  |1 0  |4 0  |7 0  |a SNK  |b SNK  |d 1999-08-12  |f 1  |i snk230/29  |l 0  |o snkČSC 98/6/1910-1911  |p 17A0206720  |r 2005-01-02 00:00:00  |t č. 1-6  |w 2026-02-21  |y PREZ 
952 |0 0  |1 0  |4 0  |7 0  |a SNK  |b SNK  |d 1999-08-12  |f 1  |i snk229/29  |l 0  |o snkČSC 98/5/1909-1910  |p 17A0206729  |r 2005-01-02 00:00:00  |t č. 1-6  |w 2026-02-21  |y PREZ 
952 |0 0  |1 0  |4 0  |7 0  |a SNK  |b SNK  |d 1999-08-12  |f 1  |i snk226/29  |l 0  |o snkČSC 98/2/1906-1907  |p 17A0206805  |r 2005-01-02 00:00:00  |t č. 1-6  |w 2026-02-21  |y PREZ 
952 |0 0  |1 0  |4 0  |7 0  |a SNK  |b SNK  |d 1999-08-12  |f 1  |i snk2220/27  |l 0  |o snkČSC 98/1/1905-1906  |p 17A0206747  |r 2005-01-02 00:00:00  |t č. 1-7  |w 2026-02-21  |y PREZ 
952 |0 0  |1 0  |4 0  |7 0  |a SNK  |b SNK  |d 1999-08-12  |f 1  |i snk227/29  |l 0  |o snkČSC 98/3/1907-1908  |p 17A0206736  |r 2005-01-02 00:00:00  |t č. 1-6  |w 2026-02-21  |y PREZ 
952 |0 0  |1 0  |4 0  |7 0  |a SNK  |b SNK  |d 1999-08-12  |f 1  |i snk228/29  |l 0  |o snkČSC 98/4/1908-1909  |p 17A0206731  |r 2005-01-02 00:00:00  |t č. 1-6  |w 2026-02-21  |y PREZ 
952 |0 0  |1 0  |4 0  |7 0  |8 5  |a SNK  |b SNK  |d 1997-05-22  |f 1  |i snkXI. 3552/55  |l 0  |o snkČSC 98/9/1913-1914  |p 17A0067509  |r 2005-01-02 00:00:00  |t č. 1-4  |w 2026-02-21  |y PREZ 
952 |0 0  |1 0  |4 0  |7 0  |a SNK  |b SNK  |d 2018-03-21  |l 0  |o snkČSC 98/11/1917-1918 D1  |p 17A1153434  |r 2026-02-21 21:55:28  |t č. 1-4, neúplné  |w 2026-02-21  |y PREZ  |z Chýba č.: 2 
952 |0 0  |1 0  |4 0  |7 0  |a SNK  |b SNK  |d 2018-03-21  |i snkXI. 3553/55  |l 0  |o snkČSC 98/10/1916-1917 D1  |p 17A1153433  |r 2026-02-21 21:55:28  |t č. 1-4  |w 2026-02-21  |y PREZ 
952 |0 0  |1 0  |4 0  |7 0  |8 3  |a SNK  |b SNK  |d 2018-03-22  |i snkK 5096/71  |l 0  |o snkČSC 98/6/1910-1911 D2  |p 17A1153432  |r 2026-02-21 21:56:57  |w 2026-02-21  |y PREZ 
952 |0 0  |1 0  |4 0  |7 0  |a SNK  |b SNK  |d 2018-03-22  |i snkXI. 3549/55  |l 0  |o snkČSC 98/6/1910-1911 D1  |p 17A1153431  |r 2026-02-21 21:56:57  |t č. 1-6  |w 2026-02-21  |y PREZ  |z Obsahuje: 1-5, 6/a, 6/b 
952 |0 0  |1 0  |4 0  |7 0  |8 3  |a SNK  |b SNK  |d 2018-03-22  |i snkČSK 522/56  |l 0  |o snkČSC 98/5/1909-1910 D2  |p 17A1153430  |r 2026-02-21 21:56:57  |t č. 1-6  |w 2026-02-21  |y PREZ 
952 |0 0  |1 0  |4 0  |7 0  |8 3  |a SNK  |b SNK  |d 2018-03-21  |i snkK 4699/71  |l 0  |o snkČSC 98/17/1930 D1  |p 17A1153437  |r 2026-02-21 22:23:44  |w 2026-02-21  |y PREZ 
952 |0 0  |1 0  |4 0  |7 0  |8 3  |a SNK  |b SNK  |d 2018-03-21  |i snkK 29/88  |l 0  |o snkČSC 98/11/1917-1918 D2  |p 17A1153436  |r 2026-02-21 22:23:44  |t len č. 1  |w 2026-02-21  |y PREZ